| 000 | 00620nam a2200217Ia 4500 | ||
|---|---|---|---|
| 005 | 20250508164015.0 | ||
| 008 | 008 250505s9999 xx 000 0 hin d | ||
| 037 | _aTextBook | ||
| 040 |
_aFEDL _beng _cFEDL |
||
| 041 |
_ahin _2hin |
||
| 084 |
_a371.2, BAI _qFEDL |
||
| 100 |
_aBais H S _9773980 |
||
| 245 | 0 | _aShakeshik vyavasthapan | |
| 260 |
_aBhopal, India _bMadhya Pardesh Hindi Granth Academy _c1988 |
||
| 300 | _a180p | ||
| 365 |
_aINR _b20 |
||
| 650 |
_aEducation; School Administration _9765232 |
||
| 700 |
_a Aheluwalia S P _9777046 |
||
| 942 |
_cTB _h371.2, BAI |
||
| 999 |
_c1386538 _d1386538 |
||